LEADER 01046nam0 2200277 450 001 000005854 005 20050915103404.0 100 $a20050913d2003----km-y0itay50------ba 101 0 $aita 102 $aIT 105 $ay---m---001yy 200 1 $aCriminalità organizzata e performance economica$euna analisi empirica per le regioni italiane 1970-2000$fAlessandro Picone$gProf. Salvatore Vinci 210 $aNapoli$cUniversità degli Studi di Napoli "Parthenope"$d2003 215 $a94 p.$c19 tavv. f. t.$d30 cm 328 $aTesi di Dottorato di ricerca in: Scienze Economiche XIV° ciclo 610 1 $aCriminalità$aInchiste 610 1 $aDelinquenza$aItalia$aStatistiche 676 $a364.945$v20 700 1$aPicone,$bAlessandro$0630390 702 1$aVinci,$bSalvatore 712 02$aUniversità degli Studi di Napoli "Parthenope" 801 0$aIT$bUNIPARTHENOPE$c20050913$gRICA$2UNIMARC 912 $a000005854 951 $aTESI-2003/10$cNAVA1$d2005 996 $aCriminalità organizzata e performance economica$91206177 997 $aUNIPARTHENOPE LEADER 02615nam0 22005173i 450 001 RAV1931379 005 20251003044332.0 010 $a9788849827170 100 $a20110203d2010 ||||0itac50 ba 101 | $aeng 102 $ait 181 1$6z01$ai $bxxxe 182 1$6z01$an 200 1 $aLuigi De Rosa economic historian: proceedings of the International Conference$eNaples, 27 May 2009$fforeword by Paolo Savona$gedited by Michele Barbato 210 $aSoveria Mannelli$cRubbettino$d2010 215 $a258 p.$d23 cm. 606 $aDe Rosa Luigi$xCongressi$x2009$2FIR$3IEIC264145$9I 676 $a330.092$9$v12 676 $a330.092$9Scienze economiche. Persone.$v20 676 $a330.092$9ECONOMIA. Persone.$v22 686 $aIT/X430.0$cECONOMIA E SOCIETA ITALIA$2R 686 $aIT/X430.1$cQUESTIONE MERIDIONALE ITALIA$2R 686 $aX0.1/DE ROSA,LUIGI$cBIOGRAFIE E SCRITTI SU LUIGI DE ROSA$2R 686 $aX0.8/2009$cATTI DI CONVEGNI CONGRESSI CONFERENZE 2009$2R 686 $aX04.0$cSTORIOGRAFIA E METODOLOGIA STORIOGRAFICA$2R 686 $aX09.1$cTEORIA ECONOMICA$2R 686 $aX09.2$cSTORIA DEL PENSIERO ECONOMICO$2R 686 $aX16.2$cEMIGRAZIONE ITALIANA$2R 686 $aX30.0$cSTORIA ECONOMICO-SOCIALE$2R 696 $aConvegni$aCongressi e convegni 699 $aCongressi$yConvegni 699 $aCongressi$yCongressi e convegni 702 1$aSavona$b, Paolo$3CFIV004151 702 1$aDe Rosa$b, Luigi$f <1922-2004>$3CFIV026125 702 1$aBarbato$b, Michele$f <1934- >$3UBOV351503 790 1$aBarbato$b, Michele$c $3UBOV351504$zBarbato, Michele <1934- > 801 3$aIT$bIT-000000$c20110203 850 $aIT-BN0095 $aIT-AV0007 $aIT-NA0070 $aIT-NA0120 $aIT-NA0230 $aIT-NA0097 901 $bNAP SP$cNF. $nNUOVO FONDO 901 $bNAP AV$cSEZ. M $nSezione Moderna 901 $bNAP 01$cPOZZO LIB.$nVi sono collocati fondi di economia, periodici di ingegneria e scienze, periodici di economia e statistica e altri fondi comprendenti documenti di economia pervenuti in dono. 912 $aRAV1931379 950 0$aBiblioteca Centralizzata di Ateneo$c1 v.$d 01POZZO LIB.ECON MON 3101$e 0101 0000215545E VMA (bis 1 v.$fB $h20210312$i20210312$c1 v.$d 01POZZO LIB.ECON MON 3101$e 0101 0000215555E VMA 1 v.$fB $h20210312$i20210312 977 $a 01$a AV$a BU$a CR$a IR$a SP 996 $aLuigi De Rosa economic historian: proceedings of the International Conference$91768241 997 $aUNISANNIO